Panthers in parliament : Dalits, caste, and political power in South India /

In this ethnographic account of Dalit politics in Tamil Nadu, the author discusses how caste considerations inform and underpin politics in the state. With its micro-empirical focus on the journey of Viduthalai Chiruthaigal Katchi (Liberation Panthers Party) in Tamil Nadu, it also explores diverse d...

Full description

Bibliographic Details
Main Author: Gorringe, Hugo, 1975- (Author)
Format: eBook
Language:English
Published: New Delhi : Oxford University Press, 2017.
Edition:First edition.
Subjects:
Online Access:Connect to the full text of this electronic book

MARC

Tag First Indicator Second Indicator Subfields
LEADER 00000cam a2200000 i 4500
001 in00005714813
005 20260319163922.7
006 m o d
007 cr |||||||||||
008 170222s2017 ii fob 001 0 eng d
040 |a STBDS  |b eng  |e rda  |e pn  |c STBDS  |d OCLCO  |d YDX  |d LOA  |d OTZ  |d BUF  |d OCLCF  |d CEF  |d BRX  |d OCLCA  |d WYU  |d OCLCQ  |d K6U  |d OCLCO  |d UKOBU  |d OCLCQ  |d SFB  |d OCLCQ  |d OCLCO  |d OCLCL  |d OCLCQ  |d MVS  |d OCLCQ 
019 |a 980550518  |a 980792175  |a 981129340  |a 981675067 
020 |a 9780199088829  |q (ebook) 
020 |a 0199088829  |q (ebook) 
020 |z 9780199468157 
020 |z 019946815X 
035 |a (OCoLC)981416171  |z (OCoLC)980550518  |z (OCoLC)980792175  |z (OCoLC)981129340  |z (OCoLC)981675067 
043 |a a-ii--- 
050 4 |a DS422.C3 
082 0 4 |a 323.3293095482  |2 23 
049 |a TXAM 
100 1 |a Gorringe, Hugo,  |d 1975-  |e author.  |1 https://id.oclc.org/worldcat/entity/E39PCjt6DtCH4WR7hwhkHGYPFC 
245 1 0 |a Panthers in parliament :  |b Dalits, caste, and political power in South India /  |c Hugo Gorringe. 
250 |a First edition. 
264 1 |a New Delhi :  |b Oxford University Press,  |c 2017. 
300 |a 1 online resource 
336 |a text  |b txt  |2 rdacontent 
337 |a computer  |b c  |2 rdamedia 
338 |a online resource  |b cr  |2 rdacarrier 
500 |a This edition previously issued in print: 2017. 
504 |a Includes bibliographical references and index. 
520 8 |a In this ethnographic account of Dalit politics in Tamil Nadu, the author discusses how caste considerations inform and underpin politics in the state. With its micro-empirical focus on the journey of Viduthalai Chiruthaigal Katchi (Liberation Panthers Party) in Tamil Nadu, it also explores diverse dimensions of mobilisation and ways in which contentious politics alters political regimes. 
521 |a Specialized. 
588 0 |a Online resource; title from home page (viewed on February 22, 2017). 
610 2 0 |a Viduthalai Chiruthaigal Katchi. 
650 0 |a Dalits  |x Political activity  |z India  |z Tamil Nadu. 
650 0 |a Dalits  |x Civil rights  |z India  |z Tamil Nadu. 
650 0 |a Caste  |x Political aspects  |z India  |z Tamil Nadu. 
650 6 |a Intouchables  |x Activité politique  |z Inde  |z Tamil Nadu. 
650 6 |a Intouchables  |x Droits  |z Inde  |z Tamil Nadu. 
650 6 |a Castes  |x Aspect politique  |z Inde  |z Tamil Nadu. 
650 7 |a Caste  |x Political aspects  |2 fast 
650 7 |a Dalits  |x Civil rights  |2 fast 
650 7 |a Dalits  |x Political activity  |2 fast 
651 7 |a India  |z Tamil Nadu  |2 fast  |1 https://id.oclc.org/worldcat/entity/E39QbtfRwcvG864WmV9rRqtpGB 
655 7 |a Electronic books.  |2 local 
776 0 8 |i Print version :  |z 9780199468157 
856 4 0 |u http://proxy.library.tamu.edu/login?url=https://academic.oup.com/book/26209  |z Connect to the full text of this electronic book  |t 0 
955 |a Oxford Scholarship Online 
994 |a 92  |b TXA 
999 f f |i 579c1c9e-894e-4d9f-8754-11ed6cb46466  |s 9e59597a-8955-470d-9af1-f7fcab29ffb9  |t 0 
952 f f |a Texas A&M University  |b College Station  |c Electronic Resources  |s www_evans  |d Available Online  |t 0  |e DS422.C3   |h Library of Congress classification 
998 f f |a DS422.C3   |t 0  |l Available Online